[Event "II Festival il Mare d'Inverno A"]
[Site "Gabicce Mare ITA"]
[Date "2013.01.03"]
[Round "2"]
[White "Bjerke, Silje"]
[Black "Ruck, Robert"]
[WhiteElo "2210"]
[BlackElo "2571"]
[Result "0-1"]
[PlyCount "66"]
[EventDate "2013.01.02"]

1. e4 c6 2. d4 d5 3. e5 Bf5 4. h4 Qb6 5. Ne2 h5 6. Nf4 e6 7. c4 Bxb1 8. Rxb1
Bb4+ 9. Ke2 dxc4 10. Be3 Qd8 11. a3 Ba5 12. Qc2 Na6 13. Qxc4 Nc7 14. g3 Ne7 15.
Bg2 Bb6 16. Rhd1 Qd7 17. Kf1 Rd8 18. Be4 Ncd5 19. Nd3 O-O 20. Kg1 Nf5 21. Bxf5
exf5 22. b4 Qe6 23. b5 f4 24. gxf4 Qg4+ 25. Kh2 Qxh4+ 26. Kg1 Qg4+ 27. Kh2 Nxe3
28. fxe3 Qe2+ 29. Kh1 Qxe3 30. bxc6 Qh3+ 31. Kg1 Bxd4+ 32. Nf2 Qg3+ 33. Kh1
Qf3+ 0-1

[Event "II Festival il Mare d'Inverno A"]
[Site "Gabicce Mare ITA"]
[Date "2013.01.03"]
[Round "2"]
[White "Bodiroga, Predrag"]
[Black "Bisi, Samuele"]
[WhiteElo "2387"]
[BlackElo "2054"]
[Result "1-0"]
[PlyCount "95"]
[EventDate "2013.01.02"]

1. d4 Nf6 2. c4 e6 3. Nf3 c5 4. e3 b6 5. Nc3 cxd4 6. exd4 Bb7 7. Bd3 Bb4 8. Bd2
O-O 9. O-O d5 10. cxd5 Nxd5 11. Qe2 Nd7 12. Qe4 N7f6 13. Qh4 Nxc3 14. bxc3 Bxf3
15. gxf3 Be7 16. Rae1 g6 17. Qh3 Rc8 18. Kh1 Nd5 19. c4 Nb4 20. Bxb4 Bxb4 21.
Re4 Be7 22. Rd1 Bf6 23. Be2 Rc6 24. f4 Rd6 25. Qd3 Qd7 26. Bf3 Rd8 27. d5 exd5
28. cxd5 Kg7 29. Rc4 Re8 30. Kg2 Rd8 31. Qc2 Qe7 32. Rd2 Qd7 33. Rc7 Qb5 34.
Rxa7 R6d7 35. Ra3 Qb4 36. Ra4 Qd6 37. Rc4 b5 38. Re4 b4 39. Rc4 Rb7 40. Re2 Qb6
41. Rc6 Qd4 42. Re4 Qa7 43. Rxf6 Rxd5 44. Qb2 Kh6 45. Re5 Rxe5 46. fxe5 Rb5 47.
Qd2+ Kg7 48. Bd5 1-0

[Event "II Festival il Mare d'Inverno A"]
[Site "Gabicce Mare ITA"]
[Date "2013.01.03"]
[Round "2"]
[White "Buratti, Marco"]
[Black "Guzzetti, Luigi Enrico"]
[WhiteElo "1991"]
[BlackElo "1917"]
[Result "1-0"]
[PlyCount "53"]
[EventDate "2013.01.02"]

1. e4 c5 2. Nc3 e6 3. Bc4 Nc6 4. d3 Nf6 5. Nge2 Be7 6. O-O O-O 7. Ng3 a6 8. a4
d5 9. Ba2 d4 10. Nb1 b5 11. f4 Nb4 12. Bb3 Bd7 13. f5 bxa4 14. Rxa4 Bxa4 15.
Bxa4 exf5 16. Nxf5 Bd6 17. Bg5 Be5 18. Nd2 h6 19. Bh4 Qc7 20. Bxf6 Bxf6 21.
Nxh6+ Kh7 22. Rxf6 gxf6 23. Qh5 Qf4 24. Nf5+ Kg8 25. Nf3 Ra7 26. g3 Qc1+ 27.
Kg2 1-0

[Event "II Festival il Mare d'Inverno A"]
[Site "Gabicce Mare ITA"]
[Date "2013.01.03"]
[Round "2"]
[White "Calavalle, Giulio"]
[Black "Drazic, Sinisa"]
[WhiteElo "2199"]
[BlackElo "2471"]
[Result "0-1"]
[PlyCount "62"]
[EventDate "2013.01.02"]

1. e4 c5 2. Nc3 Nc6 3. Nf3 d6 4. d4 cxd4 5. Nxd4 Bd7 6. Be3 e6 7. Ndb5 Qb8 8.
Bf4 Ne5 9. Qd2 a6 10. Rd1 axb5 11. Bxe5 Nf6 12. Bxf6 gxf6 13. a3 Rg8 14. f4 Ra5
15. Nd5 Qd8 16. Nc3 Qb6 17. Qf2 Qc5 18. Qd4 Bc6 19. g3 f5 20. Rg1 Qxd4 21. Rxd4
Bg7 22. Rxd6 Bxc3+ 23. bxc3 fxe4 24. c4 bxc4 25. Bxc4 Ke7 26. Rd4 Rxa3 27. Kd2
Rf3 28. Ke2 Rxf4 29. Rb1 Rf5 30. Bb3 Rc5 31. Rbd1 Rh5 0-1

[Event "II Festival il Mare d'Inverno A"]
[Site "Gabicce Mare ITA"]
[Date "2013.01.03"]
[Round "2"]
[White "Capaliku, Aleks"]
[Black "Rambaldi, Francesco"]
[WhiteElo "2137"]
[BlackElo "2310"]
[Result "0-1"]
[PlyCount "136"]
[EventDate "2013.01.02"]

1. f4 d5 2. Nf3 g6 3. e3 Bg7 4. d4 c5 5. c3 Qc7 6. Bd3 Nh6 7. O-O Bf5 8. g3 O-O
9. b3 Nd7 10. Bxf5 Nxf5 11. Qd3 Rac8 12. Bb2 Nf6 13. Nbd2 Nd6 14. Ne5 Nfe4 15.
dxc5 Nxc5 16. Qxd5 Bxe5 17. fxe5 Nf5 18. Rxf5 e6 19. Qg2 exf5 20. c4 Nd3 21.
Bd4 Nxe5 22. Nf3 Nxf3+ 23. Qxf3 Qc6 24. Qf4 f6 25. Rf1 b6 26. g4 fxg4 27. Qxg4
Rce8 28. Rf4 Qe6 29. Qh4 g5 30. Rg4 Qf5 31. h3 Re4 32. Qg3 Rxg4 33. Qxg4 Qxg4+
34. hxg4 Kf7 35. c5 bxc5 36. Bxc5 Rc8 37. b4 a5 38. a3 Ke6 39. Kf2 Kd5 40. Bd4
axb4 41. axb4 Kc4 42. Kf3 Re8 43. Bc5 Re6 44. Bf8 Kd5 45. Bc5 Re8 46. Bd4 Rb8
47. Bxf6 Rf8 48. e4+ Ke6 49. e5 h6 50. Kg3 Rb8 51. Bg7 Kf7 52. Bf6 Rxb4 53. Kf3
Rb6 54. Bh8 Ra6 55. Bf6 Ke6 56. Ke3 Ra3+ 57. Kf2 Ra7 58. Ke3 Kd5 59. Kf3 Ra3+
60. Kf2 Ke4 61. Bg7 Ra2+ 62. Kg3 Ra6 63. Bf6 Ra3+ 64. Kg2 Kf4 65. Bg7 Ra6 66.
Kh3 Rb6 67. Bf6 Rb3+ 68. Kg2 Kxg4 0-1

[Event "II Festival il Mare d'Inverno A"]
[Site "Gabicce Mare ITA"]
[Date "2013.01.03"]
[Round "2"]
[White "Cavatorta, Fosco"]
[Black "Vesce, Emanuele"]
[WhiteElo "1930"]
[BlackElo "1891"]
[Result "1/2-1/2"]
[PlyCount "61"]
[EventDate "2013.01.02"]

1. d4 Nf6 2. Nf3 g6 3. e3 Bg7 4. c4 d5 5. cxd5 Nxd5 6. e4 Nb6 7. a4 a5 8. Bb5+
Bd7 9. O-O O-O 10. Nc3 Bg4 11. Be3 Kh8 12. Be2 Bxf3 13. gxf3 f5 14. Qd2 e6 15.
Bh6 Bxh6 16. Qxh6 Nc6 17. d5 exd5 18. exd5 Nd4 19. Rad1 Qf6 20. Qd2 Nxe2+ 21.
Qxe2 Rfe8 22. Qd3 Rad8 23. Qd4 Kg7 24. Qc5 Rd7 25. Qxa5 Red8 26. Qc5 Qh4 27. d6
Qg5+ 28. Kh1 Qf4 29. Qd4+ Qxd4 30. Rxd4 Rxd6 31. Rxd6 1/2-1/2

[Event "II Festival il Mare d'Inverno A"]
[Site "Gabicce Mare ITA"]
[Date "2013.01.03"]
[Round "2"]
[White "Dobboletta, Alex"]
[Black "Rebeggiani, Andrea"]
[WhiteElo "1976"]
[BlackElo "1912"]
[Result "1/2-1/2"]
[PlyCount "37"]
[EventDate "2013.01.02"]

1. e4 g6 2. d4 c6 3. Nc3 d5 4. f3 Bg7 5. Be3 dxe4 6. fxe4 Nf6 7. Nf3 Bg4 8. Qd2
Bxf3 9. gxf3 Qa5 10. O-O-O Nbd7 11. Bc4 e6 12. Bg5 h6 13. Bh4 O-O-O 14. Qe2 g5
15. Bf2 Nb6 16. Bb3 Nh5 17. a4 Nf4 18. Qe3 Ng2 19. Qe2 1/2-1/2

[Event "II Festival il Mare d'Inverno A"]
[Site "Gabicce Mare ITA"]
[Date "2013.01.03"]
[Round "2"]
[White "Guglielmi, Dante"]
[Black "Rigo, Gianfrancesco"]
[WhiteElo "1917"]
[BlackElo "2022"]
[Result "0-1"]
[PlyCount "78"]
[EventDate "2013.01.02"]

1. c4 b6 2. Nf3 Bb7 3. g3 Nf6 4. Bg2 e6 5. O-O Be7 6. Nc3 O-O 7. d4 d5 8. Ne5
Nbd7 9. Nxd7 Qxd7 10. Qc2 c5 11. dxc5 d4 12. Ne4 Nxe4 13. Bxe4 Bxe4 14. Qxe4
Bxc5 15. Rd1 Qe7 16. Bf4 f5 17. Qe5 g5 18. Bd2 Rad8 19. b4 Bd6 20. Qb5 Qf6 21.
c5 bxc5 22. bxc5 Be5 23. c6 f4 24. Qd3 fxg3 25. fxg3 Qf2+ 26. Kh1 Qf5 27. Qxf5
Rxf5 28. Rac1 Bc7 29. Kg2 g4 30. Bb4 e5 31. Rf1 Rf7 32. Bc5 e4 33. Bxa7 d3 34.
Rxf7 Kxf7 35. exd3 exd3 36. Be3 Ra8 37. Rf1+ Ke6 38. Rf2 Kd5 39. Bf4 Kxc6 0-1

[Event "II Festival il Mare d'Inverno A"]
[Site "Gabicce Mare ITA"]
[Date "2013.01.03"]
[Round "2"]
[White "Lantini, Marco"]
[Black "Coronel, Joshua"]
[WhiteElo "2186"]
[BlackElo "1943"]
[Result "1/2-1/2"]
[PlyCount "44"]
[EventDate "2013.01.02"]

1. d4 Nf6 2. c4 g6 3. Nc3 Bg7 4. e4 d6 5. Nf3 O-O 6. h3 e5 7. d5 a5 8. Bg5 Qe8
9. g4 Na6 10. Nd2 Nc5 11. b3 h6 12. Be3 Nfd7 13. a3 f5 14. f3 fxe4 15. fxe4 Bf6
16. h4 Qe7 17. Nf3 Bg7 18. Be2 Nf6 19. Nd2 Bd7 20. g5 hxg5 21. hxg5 Nh7 22. Rg1
Rf7 1/2-1/2

[Event "II Festival il Mare d'Inverno A"]
[Site "Gabicce Mare ITA"]
[Date "2013.01.03"]
[Round "2"]
[White "Marsili, Riccardo"]
[Black "Brancaleoni, Maurizio"]
[WhiteElo "2100"]
[BlackElo "2235"]
[Result "1/2-1/2"]
[PlyCount "28"]
[EventDate "2013.01.02"]

1. c4 e6 2. g3 d5 3. Bg2 Nf6 4. Nf3 dxc4 5. Qa4+ c6 6. Qxc4 b5 7. Qc2 Bb7 8.
O-O Nbd7 9. d3 Be7 10. Nbd2 O-O 11. b3 c5 12. Bb2 Rc8 13. Rac1 Qb6 14. Qb1 Rfd8
1/2-1/2

[Event "II Festival il Mare d'Inverno A"]
[Site "Gabicce Mare ITA"]
[Date "2013.01.03"]
[Round "2"]
[White "Mondal, Prince"]
[Black "Dionigi, Riccardo"]
[WhiteElo "1938"]
[BlackElo "1910"]
[Result "0-1"]
[PlyCount "116"]
[EventDate "2013.01.02"]

1. e4 e5 2. Nf3 Nc6 3. Bb5 a6 4. Ba4 Nf6 5. d3 d6 6. c3 g6 7. Nbd2 Bg7 8. Nf1
O-O 9. Ng3 b5 10. Bc2 d5 11. Qe2 Re8 12. O-O Bb7 13. a4 d4 14. Bd2 Bf8 15. Bb3
h6 16. Nh4 Kg7 17. axb5 axb5 18. Rxa8 Bxa8 19. f4 dxc3 20. bxc3 Nd7 21. Qg4 Nf6
22. Qe2 Nd7 23. Nh5+ Kh8 24. Bxf7 gxh5 25. Qxh5 Re7 26. Ng6+ Kh7 27. Nxe7 Nxe7
28. f5 Nf6 29. Bg6+ Kh8 30. Qh4 Neg8 31. Bf7 Qxd3 32. Be1 Qxe4 33. Qg3 Qg4 34.
h3 Qxg3 35. Bxg3 Bd6 36. Ra1 Bd5 37. Bxd5 Nxd5 38. Be1 Ne3 39. g4 h5 40. Bd2
Bc5 41. Bxe3 Bxe3+ 42. Kg2 Nf6 43. Kf3 Bd2 44. Ra2 e4+ 45. Ke2 Bxc3 46. Ra8+
Kg7 47. g5 Nd5 48. h4 Bd4 49. f6+ Kg6 50. Rg8+ Kf7 51. Rg7+ Kf8 52. Rd7 Nf4+
53. Kd1 Bb6 54. Re7 e3 55. Re4 e2+ 56. Kc2 Ba5 57. g6 e1=N+ 58. Kb3 Nxg6 0-1

[Event "II Festival il Mare d'Inverno A"]
[Site "Gabicce Mare ITA"]
[Date "2013.01.03"]
[Round "2"]
[White "Petkov, Vladimir"]
[Black "Pipitone, Antonio"]
[WhiteElo "2564"]
[BlackElo "1920"]
[Result "1-0"]
[PlyCount "91"]
[EventDate "2013.01.02"]

1. d4 Nf6 2. c4 g6 3. Nc3 d5 4. cxd5 Nxd5 5. e4 Nxc3 6. bxc3 Bg7 7. Bg5 O-O 8.
Qd2 c5 9. Nf3 Nc6 10. d5 Nb8 11. Be2 Bg4 12. Rb1 b6 13. c4 f5 14. e5 Qd7 15. e6
Qe8 16. Rb3 Na6 17. Bh6 Nb4 18. Bxg7 Kxg7 19. a3 Na6 20. Ne5 Bxe2 21. Kxe2 Nc7
22. Rh3 f4 23. Nd7 Rd8 24. Qc3+ Kg8 25. Nxf8 Qxf8 26. Qe5 Ne8 27. Rf3 Nd6 28.
Rxf4 Qe8 29. h4 Qa4 30. Qc3 Nb5 31. Qd3 Nd4+ 32. Rxd4 cxd4 33. h5 b5 34. Rc1
gxh5 35. Qg3+ Kh8 36. Qe5+ Kg8 37. Qg5+ Kh8 38. Qxe7 d3+ 39. Kf1 Rc8 40. Qf6+
Kg8 41. Qf7+ Kh8 42. e7 Qxa3 43. e8=Q+ Rxe8 44. Qxe8+ Kg7 45. Qe5+ Kf7 46. Qc3
1-0

[Event "II Festival il Mare d'Inverno A"]
[Site "Gabicce Mare ITA"]
[Date "2014.05.23"]
[Round "2"]
[White "Rago, Riccardo"]
[Black "Ferraguti, Francesco"]
[WhiteElo "2061"]
[BlackElo "1925"]
[Result "1-0"]
[PlyCount "107"]
[EventDate "2013.01.02"]

1. e4 e5 2. Nf3 Nc6 3. Bb5 g6 4. c3 Bg7 5. d4 exd4 6. cxd4 a6 7. Ba4 Nge7 8.
Nc3 O-O 9. h3 b5 10. Bb3 Na5 11. Bc2 d5 12. e5 Bb7 13. O-O c5 14. dxc5 Qc7 15.
Bf4 Qxc5 16. Rc1 Rac8 17. Ne2 Qb6 18. b3 Nac6 19. Re1 Nb4 20. Bb1 Rxc1 21. Qxc1
Rc8 22. Qd2 Nbc6 23. Ng3 Nd8 24. Nd4 Ne6 25. Be3 Qc7 26. f4 Qc3 27. Qf2 Qc7 28.
Nge2 Qd7 29. Nxe6 fxe6 30. Nd4 Nc6 31. Nf3 Rf8 32. Qh4 Re8 33. Rd1 Bf8 34. Ng5
Qg7 35. Qg4 Qd7 36. h4 Ne7 37. Qxe6+ Qxe6 38. Nxe6 Nf5 39. Bxf5 gxf5 40. Nd4
Bc8 41. Rc1 Bb4 42. Kf2 Kf7 43. Rc7+ Kg6 44. Nc6 Bf8 45. g3 h6 46. Bb6 Be6 47.
Nd4 Bc8 48. Bc5 Bg7 49. Bd6 h5 50. Ke3 Bh6 51. Ne2 Be6 52. Kd4 Bg7 53. Nc3 Rd8
54. Nxd5 1-0

[Event "II Festival il Mare d'Inverno A"]
[Site "Gabicce Mare ITA"]
[Date "2013.01.03"]
[Round "2"]
[White "Rovedi, Mauro"]
[Black "Fronzi, Ettore"]
[WhiteElo "2049"]
[BlackElo "1925"]
[Result "0-1"]
[PlyCount "100"]
[EventDate "2013.01.02"]

1. c4 e6 2. Nc3 Nf6 3. e4 d5 4. e5 d4 5. Nb5 Ng8 6. Nf3 Nc6 7. Qa4 Bd7 8. Qb3
Bc5 9. Bd3 a6 10. Na3 Bc8 11. Be4 Nge7 12. O-O h6 13. Nc2 O-O 14. Qd3 Qd7 15.
a3 a5 16. b3 Ra6 17. Rb1 Rb6 18. Nce1 f5 19. exf6 Rxf6 20. Qe2 Qd6 21. Nd3 Bxa3
22. Kh1 Bb4 23. Nfe1 e5 24. Nxb4 Nxb4 25. Ba3 c5 26. Bxb4 Rxb4 27. Nd3 Rb6 28.
Rfe1 Be6 29. Qh5 Bf5 30. Qe8+ Rf8 31. Qa4 Bxe4 32. Rxe4 Nc6 33. Qa3 Nb4 34.
Nxe5 Rxf2 35. Nf3 Qg6 36. Re8+ Qxe8 37. Qxa5 Qg6 38. Rg1 Nd3 39. Qa8+ Kh7 40.
h3 Rxb3 41. Qc8 Rb1 42. Nh4 Rxg1+ 43. Kxg1 Qf6 44. Nf3 Rxf3 45. gxf3 Qxf3 46.
Kh2 Qe2+ 47. Kh1 Qe1+ 48. Kh2 Qxd2+ 49. Kg3 Qe3+ 50. Kg2 Nf4+ 0-1

[Event "II Festival il Mare d'Inverno A"]
[Site "Gabicce Mare ITA"]
[Date "2013.01.03"]
[Round "2"]
[White "Santeramo, Alessia Carmen"]
[Black "Tazzioli, Luca"]
[WhiteElo "1893"]
[BlackElo "1933"]
[Result "1-0"]
[PlyCount "95"]
[EventDate "2013.01.02"]

1. e4 d5 2. exd5 Qxd5 3. Nc3 Qa5 4. Bc4 Nf6 5. Nf3 c6 6. d3 Bg4 7. Bd2 e6 8. h3
Bh5 9. g4 Bg6 10. Nd5 Qd8 11. Nxf6+ gxf6 12. Qe2 Nd7 13. O-O-O Qc7 14. Nh4 Bd6
15. Kb1 O-O-O 16. Qe3 Kb8 17. f4 Rde8 18. Rde1 Qb6 19. Qf3 Bb4 20. c3 Bd6 21.
f5 exf5 22. Rxe8+ Rxe8 23. gxf5 Ne5 24. Qd1 Nxc4 25. dxc4 Qf2 26. Be1 Bxf5+ 27.
Ka1 Rxe1 28. Rxe1 Kc7 29. Nxf5 Qxf5 30. Rf1 Qxh3 31. Rxf6 Qd7 32. Qf1 Kb6 33.
Rxf7 Qg4 34. Rxh7 Qe4 35. Rf7 Qe6 36. Rf5 c5 37. a3 Be5 38. Rf7 a6 39. Rh7 Ka7
40. Qh1 Qb6 41. Qd5 Bf4 42. Rh5 Be3 43. Re5 Bf2 44. Re6 Qa5 45. Re8 Bh4 46. Qe5
Bd8 47. Qd6 Bc7 48. Qf8 1-0

[Event "II Festival il Mare d'Inverno A"]
[Site "Gabicce Mare ITA"]
[Date "2013.01.03"]
[Round "3"]
[White "Bisi, Samuele"]
[Black "Bjerke, Silje"]
[WhiteElo "2054"]
[BlackElo "2210"]
[Result "1/2-1/2"]
[PlyCount "30"]
[EventDate "2013.01.02"]

1. d4 Nf6 2. c4 c5 3. d5 b5 4. cxb5 a6 5. e3 g6 6. Nc3 Bg7 7. Nf3 O-O 8. e4 d6
9. a4 Bb7 10. Qb3 Re8 11. Bc4 Nbd7 12. O-O Nb6 13. Be2 Nbd7 14. Ra3 Qc7 15. Bd2
Rec8 1/2-1/2

[Event "II Festival il Mare d'Inverno A"]
[Site "Gabicce Mare ITA"]
[Date "2013.01.03"]
[Round "3"]
[White "Brancaleoni, Maurizio"]
[Black "Bae, Torstein"]
[WhiteElo "2235"]
[BlackElo "2442"]
[Result "1/2-1/2"]
[PlyCount "60"]
[EventDate "2013.01.02"]

1. Nf3 Nf6 2. c4 g6 3. Nc3 d5 4. cxd5 Nxd5 5. Qb3 Nb6 6. d4 Be6 7. Qc2 Bg7 8.
e4 O-O 9. Be3 Bc4 10. Bxc4 Nxc4 11. Bf4 Na6 12. Rd1 c6 13. O-O Qa5 14. b3 Na3
15. Qc1 Nb5 16. Nxb5 Qxb5 17. Bh6 Rfd8 18. Bxg7 Kxg7 19. Qb2 Kg8 20. Rd2 Nc7
21. Rfd1 a5 22. Qc3 Qb4 23. Qe3 a4 24. Qh6 f6 25. bxa4 Rxa4 26. h4 e6 27. h5
Qf8 28. Qf4 Qf7 29. hxg6 hxg6 30. Qe3 Kg7 1/2-1/2

[Event "II Festival il Mare d'Inverno A"]
[Site "Gabicce Mare ITA"]
[Date "2013.01.03"]
[Round "3"]
[White "Coronel, Joshua"]
[Black "Capaliku, Aleks"]
[WhiteElo "1943"]
[BlackElo "2137"]
[Result "1/2-1/2"]
[PlyCount "83"]
[EventDate "2013.01.02"]

1. e4 e5 2. Nf3 Nc6 3. d4 exd4 4. Nxd4 Nf6 5. Nc3 Bb4 6. Nxc6 dxc6 7. Qxd8+
Kxd8 8. Bd3 Re8 9. f3 Be6 10. Bg5 h6 11. Bh4 g5 12. Bf2 Nd7 13. a3 Bc5 14. Rd1
Bxf2+ 15. Kxf2 Ke7 16. Be2 Ne5 17. b3 Rad8 18. Rxd8 Rxd8 19. Rd1 Rd6 20. g3 Ng6
21. Ke3 f5 22. f4 Rxd1 23. Bxd1 gxf4+ 24. gxf4 Nh4 25. e5 Bd5 26. Nxd5+ cxd5
27. Kf2 Ng6 28. Kg3 c5 29. Bh5 Nf8 30. Bf3 Ke6 31. c4 dxc4 32. bxc4 b6 33. Bd5+
Ke7 34. Bb7 Ne6 35. Bc8 Ng7 36. a4 Kd8 37. Bb7 Ke7 38. Bd5 Nh5+ 39. Kf3 Ng7 40.
Kg3 Nh5+ 41. Kf3 Ng7 42. Kg3 1/2-1/2

[Event "II Festival il Mare d'Inverno A"]
[Site "Gabicce Mare ITA"]
[Date "2013.01.03"]
[Round "3"]
[White "Dionigi, Riccardo"]
[Black "Moroni, Luca jr"]
[WhiteElo "1910"]
[BlackElo "2161"]
[Result "0-1"]
[PlyCount "66"]
[EventDate "2013.01.02"]

1. d4 d5 2. c4 e6 3. Nc3 c6 4. e3 Nf6 5. Nf3 Nbd7 6. Qc2 b6 7. Be2 Bb7 8. b3
Be7 9. O-O O-O 10. Bb2 Rc8 11. Rad1 Qc7 12. Rfe1 a6 13. e4 dxe4 14. Nxe4 Nxe4
15. Qxe4 Bf6 16. Qb1 c5 17. dxc5 bxc5 18. Nd2 Bxb2 19. Qxb2 Ne5 20. h3 Rfd8 21.
Qc3 Nc6 22. Nf3 Ne7 23. a3 Nf5 24. b4 Bxf3 25. Bxf3 Nd4 26. Rc1 f6 27. Red1 Rd7
28. bxc5 Qxc5 29. Rd3 Rcd8 30. Rcd1 Qe5 31. Qd2 Nxf3+ 32. gxf3 Rxd3 33. Qxd3
Rxd3 0-1

[Event "II Festival il Mare d'Inverno A"]
[Site "Gabicce Mare ITA"]
[Date "2013.01.03"]
[Round "3"]
[White "Drazic, Sinisa"]
[Black "Altini, Daniele"]
[WhiteElo "2471"]
[BlackElo "2283"]
[Result "1-0"]
[PlyCount "99"]
[EventDate "2013.01.02"]

1. d4 d5 2. Nc3 e6 3. e4 dxe4 4. Nxe4 Nd7 5. Nf3 Ngf6 6. Nxf6+ Nxf6 7. Be3 Be7
8. Bd3 O-O 9. Qe2 Nd5 10. O-O-O Nb4 11. Bc4 b5 12. Bxb5 Nxa2+ 13. Kb1 Nb4 14.
Ne5 Bb7 15. Bd2 c6 16. Bc4 a5 17. h4 Qc8 18. Bg5 Bd6 19. Rh3 Ba6 20. Bxa6 Qxa6
21. Qxa6 Rxa6 22. Nc4 Bc7 23. Ra3 Nd5 24. c3 Rb8 25. Kc2 Rba8 26. g3 Nb6 27.
Kd3 Nxc4 28. Kxc4 Bd6 29. Ra4 Kf8 30. Rda1 Bc7 31. R1a3 Ke8 32. Rb3 R6a7 33. h5
h6 34. Be3 Kd7 35. g4 f6 36. Kd3 Ra6 37. c4 Bd6 38. Rb7+ Bc7 39. Bf4 R8a7 40.
Rxa7 Rxa7 41. Bxc7 Kxc7 42. b4 Kb6 43. c5+ Kb5 44. Rxa5+ Rxa5 45. bxa5 Kxa5 46.
Kc4 Ka6 47. f4 Ka5 48. f5 e5 49. dxe5 fxe5 50. g5 1-0

[Event "II Festival il Mare d'Inverno A"]
[Site "Gabicce Mare ITA"]
[Date "2013.01.03"]
[Round "3"]
[White "Ferraguti, Francesco"]
[Black "Rovedi, Mauro"]
[WhiteElo "1925"]
[BlackElo "2049"]
[Result "1/2-1/2"]
[PlyCount "98"]
[EventDate "2013.01.02"]

1. d4 Nf6 2. c4 c6 3. Nc3 d5 4. Nf3 e6 5. Bg5 Be7 6. e3 Nbd7 7. cxd5 exd5 8.
Bd3 O-O 9. Qc2 h6 10. Bh4 Ne8 11. Bg3 Ndf6 12. h3 Bd6 13. Ne5 Bxe5 14. Bxe5 Nd6
15. O-O Qe7 16. Rae1 Nfe4 17. f3 Nxc3 18. bxc3 Nc4 19. Bxc4 dxc4 20. Qf2 f6 21.
Bg3 Re8 22. e4 Qa3 23. Qc2 b5 24. e5 f5 25. Bf4 Be6 26. g4 Qf8 27. Rd1 a5 28.
a3 Re7 29. Be3 Rf7 30. Bc1 Qe7 31. Qg2 Raf8 32. g5 hxg5 33. Qxg5 Qd7 34. f4 Bd5
35. Bd2 Be4 36. Qg3 Qd5 37. Qf2 Re8 38. Kh2 Re6 39. Rg1 Rh6 40. Rg3 Rd7 41.
Rdg1 c5 42. dxc5 Qf7 43. Be3 Rd3 44. Bd4 Re6 45. Rxd3 cxd3 46. Qh4 Qd7 47. Qg5
Bf3 48. Qg3 Be4 49. Qg5 Bf3 1/2-1/2

[Event "II Festival il Mare d'Inverno A"]
[Site "Gabicce Mare ITA"]
[Date "2013.01.03"]
[Round "3"]
[White "Formento, Paolo"]
[Black "Bodiroga, Predrag"]
[WhiteElo "2184"]
[BlackElo "2387"]
[Result "1/2-1/2"]
[PlyCount "105"]
[EventDate "2013.01.02"]

1. e4 c6 2. d4 d5 3. Nc3 dxe4 4. Nxe4 Bf5 5. Ng3 Bg6 6. Nh3 e6 7. Nf4 Qh4 8.
Be3 Bd6 9. Qd2 Qe7 10. Nxg6 hxg6 11. Ne4 Bc7 12. O-O-O Nd7 13. Bf4 Ndf6 14.
Nxf6+ gxf6 15. Bxc7 Qxc7 16. g3 O-O-O 17. h4 f5 18. Bg2 Nf6 19. Bf3 Rd7 20. Qg5
Qd8 21. c3 Nd5 22. Qxd8+ Kxd8 23. h5 g5 24. Bxd5 Rxd5 25. f4 gxf4 26. gxf4 Rh6
27. Rdg1 Ke7 28. Rg8 Rd8 29. Rxd8 Kxd8 30. c4 Ke7 31. Kd2 Kf6 32. Kc3 Rh8 33.
a4 Kg7 34. a5 Kh6 35. Kb4 b6 36. axb6 axb6 37. Ra1 Rb8 38. Ra7 Kxh5 39. Rxf7
Kg4 40. Re7 Kxf4 41. Rxe6 c5+ 42. dxc5 bxc5+ 43. Kxc5 Rxb2 44. Kc6 Kg3 45. c5
f4 46. Rf6 f3 47. Kc7 f2 48. c6 Rb4 49. Rxf2 Kxf2 50. Kd7 Rd4+ 51. Ke7 Rc4 52.
Kd7 Rxc6 53. Kxc6 1/2-1/2

[Event "II Festival il Mare d'Inverno A"]
[Site "Gabicce Mare ITA"]
[Date "2013.01.03"]
[Round "3"]
[White "Fronzi, Ettore"]
[Black "Lantini, Marco"]
[WhiteElo "1925"]
[BlackElo "2186"]
[Result "0-1"]
[PlyCount "118"]
[EventDate "2013.01.02"]

1. d4 Nf6 2. c4 e6 3. Nc3 d5 4. cxd5 exd5 5. Bg5 Be7 6. Qc2 Nc6 7. e3 O-O 8. a3
Be6 9. Bd3 h6 10. Bxf6 Bxf6 11. Nge2 Qd6 12. O-O Rfc8 13. Rfc1 Ne7 14. Na4 c6
15. Nc5 b6 16. Na6 Kh8 17. Rab1 Ng8 18. b4 Be7 19. Ng3 Nf6 20. h3 Qd7 21. Rb3
Bd6 22. Rc3 Bxg3 23. fxg3 Qd6 24. Rxc6 Qxg3 25. Qf2 Qxf2+ 26. Kxf2 Rxc6 27.
Rxc6 Rc8 28. Rxc8+ Bxc8 29. Kf3 Bxa6 30. Bxa6 g5 31. Bb7 Kg7 32. e4 dxe4+ 33.
Bxe4 Kf8 34. Ke3 Ke7 35. Bf3 Ke6 36. Kd3 Ne8 37. Kc3 Nd6 38. Bc6 Kf5 39. Kd3
Kf4 40. a4 f5 41. Bd7 h5 42. Bc6 h4 43. Bf3 g4 44. hxg4 fxg4 45. Bc6 h3 46.
gxh3 gxh3 47. Bd5 a6 48. Bc6 h2 49. Bh1 Nf5 50. Kc4 Ne3+ 51. Kd3 Ng4 52. Kc4
Ne3+ 53. Kd3 b5 54. axb5 axb5 55. d5 Nf5 56. d6 Nxd6 57. Kd4 Nf5+ 58. Kc5 Ng3
59. Bc6 Ne4+ 0-1

[Event "II Festival il Mare d'Inverno A"]
[Site "Gabicce Mare ITA"]
[Date "2013.01.03"]
[Round "3"]
[White "Guzzetti, Luigi Enrico"]
[Black "Mondal, Prince"]
[WhiteElo "1917"]
[BlackElo "1938"]
[Result "1-0"]
[PlyCount "95"]
[EventDate "2013.01.02"]

1. e4 c5 2. Nf3 d6 3. d4 cxd4 4. Nxd4 Nf6 5. Nc3 a6 6. Be2 e6 7. Be3 b5 8. a3
Bb7 9. f3 Nbd7 10. O-O Be7 11. Qd2 Nb6 12. Rfd1 O-O 13. Qe1 Nfd7 14. Qf2 Qc7
15. Nb3 d5 16. exd5 Nxd5 17. Nxd5 Bxd5 18. Rac1 Bf6 19. Bd4 Bxd4 20. Qxd4 Nb6
21. Nd2 Rac8 22. Bd3 Rfd8 23. Qf2 Na4 24. Rb1 Qe5 25. Re1 Qf6 26. Ne4 Qe7 27.
f4 f5 28. Ng5 Qf6 29. Re5 Nc5 30. Rbe1 h6 31. Nf3 Nd7 32. R5e2 Bxf3 33. Rxe6
Qxb2 34. Qxf3 Qxa3 35. Qh5 Qc5+ 36. Kh1 Nf6 37. Rxf6 gxf6 38. Qg6+ Kf8 39.
Qxf6+ Kg8 40. Qg6+ Kf8 41. Qxh6+ Kg8 42. Qg6+ Kf8 43. Qf6+ Kg8 44. Re7 Qxe7 45.
Qxe7 Re8 46. Qg5+ Kh8 47. h4 Rc7 48. Qh5+ 1-0

[Event "II Festival il Mare d'Inverno A"]
[Site "Gabicce Mare ITA"]
[Date "2013.01.03"]
[Round "3"]
[White "Marsili, Riccardo"]
[Black "Altini, Nicola"]
[WhiteElo "2100"]
[BlackElo "2343"]
[Result "0-1"]
[PlyCount "80"]
[EventDate "2013.01.02"]

1. c4 e5 2. g3 Nc6 3. Bg2 g6 4. Nc3 Bg7 5. Rb1 a5 6. Nf3 d6 7. O-O f5 8. d3 Nf6
9. Bg5 h6 10. Bxf6 Bxf6 11. Nd5 O-O 12. a3 Nd4 13. b4 axb4 14. axb4 c6 15. Nxd4
exd4 16. Nxf6+ Qxf6 17. b5 c5 18. Ra1 Rxa1 19. Qxa1 f4 20. Qc1 Qe5 21. Qd2 h5
22. Kh1 Kg7 23. Bf3 g5 24. Rg1 g4 25. Be4 fxg3 26. fxg3 Be6 27. e3 Qg5 28. Re1
h4 29. Qg2 h3 30. Qb2 Qxe3 31. Qc1 Qxc1 32. Rxc1 b6 33. Kg1 Rd8 34. Ra1 d5 35.
cxd5 Bxd5 36. Bf5 Bf3 37. Kf2 Kf6 38. Bh7 c4 39. Ra7 c3 40. Rc7 Ra8 0-1

[Event "II Festival il Mare d'Inverno A"]
[Site "Gabicce Mare ITA"]
[Date "2013.01.03"]
[Round "3"]
[White "Rago, Riccardo"]
[Black "Petkov, Vladimir"]
[WhiteElo "2061"]
[BlackElo "2564"]
[Result "0-1"]
[PlyCount "74"]
[EventDate "2013.01.02"]

1. e4 c5 2. Nf3 d6 3. d4 cxd4 4. Nxd4 Nf6 5. Nc3 a6 6. Bg5 e6 7. Qd2 h6 8. Bxf6
Qxf6 9. O-O-O Nc6 10. Nxc6 bxc6 11. f4 d5 12. exd5 cxd5 13. Nxd5 Qd8 14. Qe3
Rb8 15. Qe5 Bd6 16. Qxg7 Rf8 17. Nf6+ Ke7 18. Nh5 Qb6 19. Qf6+ Kd7 20. Bc4 Kc7
21. Rd3 e5 22. Bb3 e4 23. Rc3+ Kb7 24. Bd5+ Ka7 25. Rc6 Qe3+ 26. Kb1 Bb4 27.
Rd1 Ba5 28. Bc4 Bb6 29. a4 Bb7 30. Rcd6 Qc5 31. Be2 Rfc8 32. c3 Bc6 33. b4 Ba5
34. Qd4 Bxb4 35. Kc1 Qxd4 36. R6xd4 Bxa4 37. R1d2 Ba3+ 0-1

[Event "II Festival il Mare d'Inverno A"]
[Site "Gabicce Mare ITA"]
[Date "2013.01.03"]
[Round "3"]
[White "Rebeggiani, Andrea"]
[Black "Cavatorta, Fosco"]
[WhiteElo "1912"]
[BlackElo "1930"]
[Result "1-0"]
[PlyCount "46"]
[EventDate "2013.01.02"]

1. d4 d6 2. Nf3 Bg4 3. c4 Nd7 4. Nc3 g6 5. e4 Bxf3 6. Qxf3 Bg7 7. Be3 c5 8.
dxc5 Bxc3+ 9. bxc3 Qa5 10. Qd1 Nxc5 11. Qc2 Nxe4 12. Bd3 Nc5 13. O-O Nf6 14.
Bh6 Rg8 15. Bg5 O-O-O 16. Rab1 a6 17. Rb4 Nxd3 18. Qxd3 Qxg5 19. Rfb1 Qf5 20.
Qe3 Ne4 21. Rxb7 Nc5 22. Qxe7 Nd7 23. Qxd6 Qa5 1-0